VP to President Quiz Stats

 Plays Quiz Updated Oct 18, 2018

Score 0/14 Timer 02:00
10 Plays Today
Party President % Correct
FederalistJohn Adams
94.2%
RepublicanGeorge H. W. Bush
92.8%
DemocraticAndrew Johnson
91.4%
DemocraticLyndon B. Johnson
91.4%
Democratic-RepublicanThomas Jefferson
86.9%
RepublicanGerald Ford
86.4%
RepublicanRichard Nixon
85.8%
Party President % Correct
RepublicanTheodore Roosevelt
80.1%
DemocraticHarry S. Truman
78.3%
WhigJohn Tyler
66.8%
RepublicanCalvin Coolidge
65.6%
DemocraticMartin Van Buren
60.2%
RepublicanChester A. Arthur
53.1%
WhigMillard Fillmore
51.6%

You're not logged in!

Compare scores with friends on all Sporcle quizzes.
OR
Log In

Sporcle TV

Today on Sporcle TV


Watch our educational content, quiz creation guides, and fun videos on Sporcle TV.

Show Comments

Extras

Top Quizzes Today


Score Distribution

Your Account Isn't Verified!

In order to create a playlist on Sporcle, you need to verify the email address you used during registration. Go to your Sporcle Settings to finish the process.

Report this User

Report this user for behavior that violates our Community Guidelines.

Details: